000 01295pam a2200325 a 4500
001 2580777
003 PILC
005 20150112093435.0
008 960808s1997 nyua b 001 0 eng
010 _a 96036091
020 _a0471127035 (cloth : alk. paper)
022 _20471127035
040 _aDLC
_cDLC
_dDLC
050 0 0 _aTX 911.3.M3
_b.P68 1997
082 0 0 _aHSF 647.940688
_bP875 1997
100 1 _aPowers, Tom
_912299
245 1 0 _aMarketing hospitality /
_cTom Powers.
250 _a2nd ed.
260 _aNew York :
_bWiley,
_c1997.
300 _a440 pages :
_billustration ;
_c25 cm.
440 0 _aWiley service management series
_915951
504 _aIncludes bibliographical references (p. 413-427) and index.
650 0 _aHospitality industry
_xMarketing.
_915952
856 4 _3Table of Contents only
_uhttp://www.loc.gov/catdir/toc/onix01/96036091.html
856 4 2 _3Contributor biographical information
_uhttp://www.loc.gov/catdir/enhancements/fy0607/96036091-b.html
856 4 2 _3Publisher description
_uhttp://www.loc.gov/catdir/enhancements/fy0607/96036091-d.html
906 _a7
_bcbc
_corignew
_d1
_eocip
_f19
_gy-gencatlg
942 _2lcc
_cBK
999 _c14550
_d14550